<?xml version="1.0" encoding="UTF-8"?>
<record
    xmlns:xsi="http://www.w3.org/2001/XMLSchema-instance"
    xsi:schemaLocation="http://www.loc.gov/MARC21/slim http://www.loc.gov/standards/marcxml/schema/MARC21slim.xsd"
    xmlns="http://www.loc.gov/MARC21/slim">

  <leader>00677cam a2200217 i 4500</leader>
  <datafield tag="999" ind1=" " ind2=" ">
    <subfield code="c">111089</subfield>
    <subfield code="d">111089</subfield>
  </datafield>
  <controlfield tag="001">19369812</controlfield>
  <controlfield tag="005">20190304102946.0</controlfield>
  <controlfield tag="008">161110s2017    njua     b    001 0 eng  </controlfield>
  <datafield tag="020" ind1=" " ind2=" ">
    <subfield code="a">9781119132097 (cloth)</subfield>
  </datafield>
  <datafield tag="020" ind1=" " ind2=" ">
    <subfield code="a">1119132096 (cloth)</subfield>
  </datafield>
  <datafield tag="040" ind1=" " ind2=" ">
    <subfield code="c">PK-LaUMT</subfield>
  </datafield>
  <datafield tag="082" ind1="0" ind2="0">
    <subfield code="a">519.55</subfield>
    <subfield code="2">23</subfield>
    <subfield code="b">TAN-T</subfield>
  </datafield>
  <datafield tag="100" ind1="1" ind2=" ">
    <subfield code="a">Tanaka, Katsuto</subfield>
  </datafield>
  <datafield tag="245" ind1="1" ind2="0">
    <subfield code="a">Time series analysis :</subfield>
    <subfield code="b">nonstationary and noninvertible distribution theory /</subfield>
    <subfield code="c">by Katsuto Tanaka</subfield>
  </datafield>
  <datafield tag="250" ind1=" " ind2=" ">
    <subfield code="a">2nd ed.</subfield>
  </datafield>
  <datafield tag="260" ind1=" " ind2=" ">
    <subfield code="a">Hoboken :</subfield>
    <subfield code="b">John Wiley,</subfield>
    <subfield code="c">2017</subfield>
  </datafield>
  <datafield tag="300" ind1=" " ind2=" ">
    <subfield code="a">xiv, 889 p. :</subfield>
    <subfield code="b">illustrations ;</subfield>
    <subfield code="c">25 cm.</subfield>
  </datafield>
  <datafield tag="490" ind1="0" ind2=" ">
    <subfield code="a">Wiley series in probability and statistics</subfield>
  </datafield>
  <datafield tag="650" ind1=" " ind2="0">
    <subfield code="a">Time-series analysis.</subfield>
  </datafield>
  <datafield tag="942" ind1=" " ind2=" ">
    <subfield code="c">BK</subfield>
  </datafield>
  <datafield tag="952" ind1=" " ind2=" ">
    <subfield code="0">0</subfield>
    <subfield code="1">0</subfield>
    <subfield code="4">0</subfield>
    <subfield code="7">0</subfield>
    <subfield code="a">01</subfield>
    <subfield code="b">01</subfield>
    <subfield code="d">2019-03-04</subfield>
    <subfield code="l">1</subfield>
    <subfield code="o">519.55 TAN-T</subfield>
    <subfield code="p">128086</subfield>
    <subfield code="r">2021-02-16 00:00:00</subfield>
    <subfield code="s">2019-03-15</subfield>
    <subfield code="w">2019-03-04</subfield>
    <subfield code="y">BK</subfield>
  </datafield>
</record>
